000 00834nas a2200289 4500
001 BR0205147
003 BR-BrBNA
005 20231205103318.0
007 ta
008 230509b bl.|||p| |||| 00| 00por d
040 _aBR-BrBNA
_bpor
_cBiblioteca Nacional de Agricultura
041 _a(En)
072 _aF60
100 1 _aSoares, F.A.L.
100 1 _aGheyi, H.R.
100 1 _aViana, S.B.A.
100 1 _aUyeda, C.A.
100 1 _aFernandes, P.D.
245 1 _aWater salinity and initial development of yellow passion fruit
650 _aMARACUJÁ
650 _aSALINIDADE
650 _aRESISTÊNCIA
650 _aCONDUTIVIDADE ELÉTRICA
773 0 _tScientia Agricola (Brazil)
_xISSN 0103-9016
_g(Jul-Sep 2002), v. 59(3) p. 491-497
_wBR0205147
909 _a202311
_bLúcia
_c55
_dLúcia Elande
942 _2AGRIS
_n0
_cANA
999 _c172213
_d172213